| Registos Bibliográficos associados ao registo de autoridade |
|
Etiqueta de registo: 00000nkm 2200025 450 001 2271928 003 http://id.bnportugal.gov.pt/bib/catbnp/2271928 100 ## $a20260225d1995 m y0pory01030103ba 101 0# $apor$afre$aeng 102 ## $aPT 200 1# $aCeranor 95, 5.º Salão profissional de cerâmica, vidro, artigos decorativos e utilidades
domésticas, Porto, 7 - 10 setembro$bVisual gráfico]$fExponor - Feira Internacional do Porto, Associação Industrial Portuense 210 #9 $aPorto$cExponor - Feira Internacional do Porto,$d1995 215 ## $a1 cartaz$ccolor.$d68x48 cm 317 ## $aColeção Madeira Luís 710 02 $aSalão profissional de cerâmica, vidro, artigos decorativos e utilidades domésticas,$d5,$ePorto,$f1995$31993319 711 02 $aAssociação Industrial Portuense$3151 712 02 $aEXPONOR$336187 801 #0 $aPT$bBN$gRPC 966 ## $lBN$mICONOG$sCT. 22449 A.$x3 971 ## $cCaticonografia9$d20260225 995 ## $aPRR2026 $d20260225$iCaticonografia9
|
|
|